ระบบห้องสมุดอัตโนมัติ ULibM
วิทยาลัยพยาบาลบรมราชชนนี พระพุทธบาท
เปลี่ยนเป็นภาษาไทย

Change to English
 แสดงรายละเอียดบรรณานุกรม
  กลับหน้าหลัก

Brief Record : Get Marc (ISO 2709) : E-mail record : QR code ปิดหน้าต่าง
E-books : เกี่ยวกับ Collections
LEADER 00000nam 2200000uu 4500
008    260955s2553 th a 000 0 tha d
020    9786165510790
100    วิทยา ศรีดามา
245    Clinical Practice Guideline 2010 เล่มที่ 1
250    พิมพ์ครั้งที่ 1
260    กทม :^bจุฬาลงกรณ์มหาวิทยาลัย,^c2553
300    348 หน้า
945    ^p300^l0^i007085
945    ^p300^l0^i007084
945    ^p300^l0^i007083
945    ^p300^l0^i007082
945    ^p300^l0^i007081
999    ^aน.ส.สุพรรษา เริงรื่น
รายการนี้ยังไม่มีแท็ก
คุณยังไม่ได้ล็อกอิน คุณสามารถมีกิจกรรมร่วมกับเว็บไซต์ได้ แต่ต้องล็อกอินก่อน ::
  ล็อกอิน
ลำดับที่ ประเภท เลขเรียก สถานที่ สถานะ
1.
WB100 ว173C 2553  
  
วิทยาลัยพยาบาลบรมราชชนนี พระพุทธบาท
►หนังสือทั่วไป
On Shelf
2.
WB100 ว173C 2553 ฉ.2 
  
วิทยาลัยพยาบาลบรมราชชนนี พระพุทธบาท
►หนังสือทั่วไป
On Shelf
3.
WB100 ว173C 2553 ฉ.3 
  
วิทยาลัยพยาบาลบรมราชชนนี พระพุทธบาท
►หนังสือทั่วไป
On Shelf
4.
WB100 ว173C 2553 ฉ.4 
  
วิทยาลัยพยาบาลบรมราชชนนี พระพุทธบาท
►หนังสือทั่วไป
On Shelf
5.
WB100 ว173C 2553 ฉ.5 
  
วิทยาลัยพยาบาลบรมราชชนนี พระพุทธบาท
►หนังสือทั่วไป
On Shelf
   [แสดง 5/5 รายการ]

รายการใกล้เคียง
    ผู้แต่ง [วิทยา ศรีดามา]

Bib 13399120933